Quiz sur le massif des Vosges - Statistiques

Statistiques générales
  • Ce quiz a été pris 45 fois
  • Le résultat moyen est 10 sur 16
Statistiques - réponses
Question Réponse % Correct
Quelle ville est associée au plus grand lac naturel des Vosges ? Gérardmer
92%
Dans quelle région se situe le versant est du massif des Vosges ? Alsace
89%
Quel fromage AOP est typique du massif des Vosges ? Munster
87%
Quel homme politique vosgien a rendu l’école gratuite et obligatoire en France ? Jules Ferry
84%
Quelle est la station de ski la plus fréquentée du massif des Vosges ? La Bresse–Hohneck
82%
Par quel terme désigne-t-on les principaux sommets des Vosges ? Ballon
79%
Quel félin a été réintroduit dans les Vosges dans les années 1980 ? Lynx
79%
Quelle rivière prend sa source dans le massif des Vosges et traverse la Lorraine avant de rejoindre le Rhin ? Moselle
79%
Quelle route touristique longe les sommets du massif des Vosges ? Route des {Crêtes}
74%
Quel est le surnom du lac du Forlet, donné par rapport aux poissons qui nagent dedans ? Lac des {Truites}
61%
Quel festival international a lieu dans la ville précédente ? Festival international du film fantastique
55%
Quel château vosgien fut restauré par l’empereur Guillaume II au début du XXᵉ siècle ? Haut-Kœnigsbourg
53%
Quelle ville des Vosges est célèbre pour sa production textile et sa tradition industrielle ? Saint-Dié-des-Vosges
32%
Quel type de créature mythique du folklore des Vosges est le Sotré ? Lutin
18%
Quel artisanat décoratif est emblématique du massif des Vosges ? Cristallerie
13%
Quel est le nom de l’ancien ouvrage minier des Vosges dont le nom provient d’une légende locale ? Grotte de {l'Enfer}
0%
Aucun quiz correspondant
Distribution des résultats
% des personnes avec chaque résultat
Percentile par nombre de réponses
Votre historique - résultats
Vous n’avez pas pris ce quiz